El mundo árabe en Chile en la primera parte del siglo XX una aproximación a la vida de la comunidad /

Elmentve itt :
Bibliográfiai részletek
Szerző: Tóthné Jancsó Katalin
Dokumentumtípus: Könyv része
Megjelent: Fundación para la Historia de España Buenos Aires 2023
Sorozat:Mundos Hispánicos. Historia – Cultura – Patrimonio
Tárgyszavak:
mtmt:34480842
Online Access:http://publicatio.bibl.u-szeged.hu/29874
LEADER 00762naa a2200181 i 4500
001 publ29874
005 20240318092226.0
008 240318s2023 hu o 0|| spa d
024 7 |a 34480842  |2 mtmt 
040 |a SZTE Publicatio Repozitórium  |b hun 
041 |a spa 
100 2 |a Tóthné Jancsó Katalin 
245 1 3 |a El mundo árabe en Chile en la primera parte del siglo XX  |h [elektronikus dokumentum] :  |b una aproximación a la vida de la comunidad /  |c  Tóthné Jancsó Katalin 
260 |a Fundación para la Historia de España  |b Buenos Aires  |c 2023 
300 |a 663-679 
490 0 |a Mundos Hispánicos. Historia – Cultura – Patrimonio 
650 4 |a Nyelvek és irodalom 
856 4 0 |u http://publicatio.bibl.u-szeged.hu/29874/3/34480842_megjelent.pdf  |z Dokumentum-elérés